00950cam a2200229 a 450000100100000000500170001000800410002701000130006804000180008108200170009910000380011624501440015425000370029826000610033530000420039649000510043850400720048950400510056165000200061265000360063283000520066800001176520200929162545.0960327s1995 ck abd b 001 0 spa  a96130308 aDO-SdBNPcDLC a417.2bM779d10aMontes Giraldo, José Joaquín.10aDialectología general e hispanoamericana :borientación teórica, metodológica y bibliográfica /cJosé Joaquín Montes Giraldo. a3. ed. reelaborada, corr. y aum. aSantafé de Bogotá :bInstituto Caro y Cuervo,c1995. a311 p. :bil., mapa, diagr. ;c24 cm.1 aPublicaciones del Instituto Caro y Cuervo,v91 aIncluye referencias bibliográficas (p. [189] -286) y el índice. aIncluye notas y referencia al pie de páginas 4aDialectología 4aEspañolxDialectoszAmérica 0aPublicaciones del Instituto Caro y Cuervo ;v91